Coastal hydraulics /

Bibliographic Details
Main Author: Muir Wood, A. M. (Alan Marshall)
Other Authors: Fleming, C. A. (Charles Alexander), 1916-1987
Format: Book
Language:English
Published: New York : Wiley, 1981.
Edition:2nd ed.
Subjects:

MARC

Tag First Indicator Second Indicator Subfields
LEADER 00000cam a22000008a 4500
001 in00000083908
005 20151008054336.0
008 810414s1981 nyua b 00110 eng
010 |a  81002992  
020 |a 0470271981 
035 |a (OCoLC)07463421 
035 |9 AAJ0376AM 
039 0 |a 2  |b 3  |c 3  |d 3  |e 3 
040 |a DLC  |c DLC  |d TXA  |d UtOrBLW 
049 |a TXAM  |c [387419] 
050 0 0 |a TC330  |b .M84 1981 
082 0 |a 551.47/0024627  |2 19 
100 1 |a Muir Wood, A. M.  |q (Alan Marshall) 
245 1 0 |a Coastal hydraulics /  |c A.M. Muir Wood, C.A. Fleming. 
250 |a 2nd ed. 
263 |a 8110 
264 1 |a New York :  |b Wiley,  |c 1981. 
300 |a xv, 280 pages :  |b illustrations ;  |c 24 cm. 
336 |a text  |b txt  |2 rdacontent 
337 |a unmediated  |b n  |2 rdamedia 
338 |a volume  |b nc  |2 rdacarrier 
500 |a "A Halsted Press book." 
504 |a Includes bibliographical references and index. 
650 0 |a Shore protection. 
650 0 |a Oceanography. 
700 1 |a Fleming, C. A.  |q (Charles Alexander),  |d 1916-1987. 
999 |a MARS 
999 f f |s 02c78a10-da63-3cfe-8a74-bb99d1950c0e  |i b415ca2b-0a8a-3279-8fe9-d98ff3b3ba79  |t 0 
952 f f |p ric  |a Texas A&M University  |b Rellis Campus  |c Joint Library Facility  |d Remote Storage  |t 0  |e TC330 .M84 1981  |h Library of Congress classification  |i unmediated -- volume  |m A14806244332 
998 f f |a TC330 .M84 1981  |t 0  |l Remote Storage